000
00300nam a22001337a 4500
008
170412b xxu||||| |||| 00| 0 eng d
020
_a
9781887571050
041
_a
eng
080
_2
2 ED
_a
618
100
_a
10
101
_a
SHM
245
_a
NEWBORN INTENSIVE CARE
_c
ZAICHKIN.J
942
_2
udc
_c
BK
999
_c
10493
_d
10493